Responses for show #2613 - Wednesday, January 3, 1996

Contestants

[<< previous game]

Claudia Shanaman, a high school teacher from York, Pennsylvania

Chris Oake, a public relations vice president from Pasadena, California

Gareth Jones, a real estate appraiser from Visalia, California (whose 1-day cash winnings total $5,199)

[next game >>]

Jeopardy! Round responses

1795
MAGIC & MAGICIANS
POTENT POTABLES
MYTHOLOGY
GUINNESS RECORDS
"V"OCABULARY
    $100 2
Kentucky

Chris
    $100 7
Orson Welles

Gareth
    $100 11
champagne

Gareth
    $100 19
Medusa

Gareth
    $100 1
crossword puzzle

Claudia
    $100 5
veterinarian

Claudia
    $200 6
Dred Scott

Gareth
    $200 8
(Gareth: What are pigeons?)

doves

GarethClaudia
    $200 12
creme

Chris
    $200 20
the Trojan Horse

Chris
    $200 3
House of Lords

Gareth
    $200 24
vandalism

Gareth
    $300 9
South Africa

Chris
    $300 14
(Gareth: Who is Dave Barry?)

Harry Anderson

GarethChris
    $300 13
rum

Gareth
    $300 25
Pan

Claudia
    $300 4
The Pentagon

Gareth
    $300 26
veranda

Gareth
    $400 10
Josiah Wedgwood

Gareth
    $400 16
Siegfried & Roy

Chris
    $400 15
(Alex: If only he conquered 40 or 50 gallons of the stuff, he'd be OK!)

mead

Gareth
    $400 27
cornucopia

Gareth
    $400 22
Lord Nelson

Gareth
    $400 28
valise

Claudia
    $500 18
Edmonton

Gareth
    $500 17
Harry Houdini

Claudia
    $500 21
gin

Chris
    $600 30
(Claudia: Who was Erato?)

Terpsichore

Claudia
    $500 23
Kim Il-sung

Chris
    $500 29
vicar

Triple Stumper

Scores at the first commercial break (after clue 15):

Gareth Chris Claudia
$1,500 $900 $400

Scores at the end of the Jeopardy! Round:

Gareth Chris Claudia
$3,400 $2,500 $1,000

Double Jeopardy! Round responses

FAMOUS AMERICANS
WORLD GEOGRAPHY
NAMES
19th CENTURY OPERA
NOVELS
WHAT A PRINCE!
    $200 1
Abraham Lincoln

Gareth
    $200 6
Australia

Gareth
    $200 8
Clementine

Claudia
    $200 12
"Hansel and Gretel"

Gareth
    $200 10
The Three Musketeers

Claudia
    $200 17
Prince Albert

Gareth
    $400 2
James Garfield

Claudia
    $400 7
the North Sea

Gareth
    $400 9
tenth

Gareth
    $400 13
Tchaikovsky

Claudia
    $400 11
War and Peace

Gareth
    $400 18
(Gareth: What is Scotland?)

Wales

GarethClaudia
    $600 3
(Gareth: Who was La Guardia?)

Jimmy Walker

Gareth
Triple Stumper
    $1,000 14
Bolivia (or Paraguay)

Claudia
    $600 19
Rachel

Gareth
    $600 30
Rossini

Gareth
    $600 24
(Chris: What is The Hound of the Baskervilles?)

A Study in Scarlet

ChrisClaudia
    $600 22
Prince Henry the Navigator

Gareth
    $800 4
(Gareth: Who was Clara Barton?)

Dorothea Dix

GarethClaudia
    $800 15
(Gareth: What is the Aegean Peninsula?)

the Balkan Peninsula

GarethClaudia
    $800 20
Zinnia

Chris
    $800 29
Franz Liszt

Gareth
    $800 23
Brave New World

Gareth
    $800 25
Prince Rainier

Claudia
    $1000 5
(Claudia: Who was Maya Angelou?)

Lorraine Hansberry

Claudia
Triple Stumper
    $1000 16
Belize

Gareth
    $1000 21
(Chris: What is O'Regan?)
(Alex: We can't accept it.)

Regan

Chris
Triple Stumper
    $1000 28
Wagner

Gareth
    $1000 27
All the King's Men

Chris
    $500 26
(Claudia: I have no idea.)

Cambodia

Claudia

Scores at the end of the Double Jeopardy! Round:

Gareth Chris Claudia
$8,200 $2,700 $5,100

[wagering suggestions for these scores]

Final Jeopardy! Round responses

OSCAR-WINNING ACTORS
ChrisWho is Anthony Quinn
$2,000
ClaudiaWho is Burt Lancaster?
$5,000
GarethWho is Kirk Douglas
$2,001
Anthony Quinn

Final scores:

Gareth Chris Claudia
$6,199 $4,700 $100
2-day champion: $11,398 2nd place: La-Z-Boy sofa & loveseat & Minoff table lamps 3rd place: Washburn wood acoustic guitar

Game dynamics:

Coryat scores:

Gareth Chris Claudia
$8,200 $2,700 $5,800
28 R,
6 W
10 R,
2 W
16 R
(including 1 DD),
3 W
(including 2 DDs)

Combined Coryat: $16,700

The J! Archive is created by fans, for fans. The Jeopardy! game show and all elements thereof, including but not limited to copyright and trademark thereto, are the property of Jeopardy Productions, Inc. and are protected under law. This website is not affiliated with, sponsored by, or operated by Jeopardy Productions, Inc. Join the discussion at JBoard.tv.